We wrote the gospels. (Record no. 5091)

000 -LEADER
fixed length control field 00662nam a2200193 a 4500
001 - CONTROL NUMBER
control field :::00002832$&:&@@
003 - CONTROL NUMBER IDENTIFIER
control field OkBaRHE
005 - DATE AND TIME OF LATEST TRANSACTION
control field 20000607103257.0
008 - FIXED-LENGTH DATA ELEMENTS--GENERAL INFORMATION
fixed length control field s1960 j 000 0 eng u
040 ## - CATALOGING SOURCE
Transcribing agency
100 1# - MAIN ENTRY--PERSONAL NAME
Personal name Reid, John Calvin, 1901-
245 10 - TITLE STATEMENT
Title We wrote the gospels.
260 ## - PUBLICATION, DISTRIBUTION, ETC. (IMPRINT)
Place of publication, distribution, etc Grand Rapids, MI., :
Name of publisher, distributor, etc Wm. B. Eerdmans Publishing Co.
Date of publication, distribution, etc c1960
300 ## - PHYSICAL DESCRIPTION
Extent 61 p. ;
Dimensions 21 cm.
650 ## - SUBJECT ADDED ENTRY--TOPICAL TERM
Topical term or geographic name as entry element Bible New Testament
General subdivision Biography
942 ## - ADDED ENTRY ELEMENTS (KOHA)
Source of classification or shelving scheme
Koha item type Books
Copies
Permanent Location Damaged status Price effective from Not for loan Full call number Barcode Shelving location Copy number Source of classification or shelving scheme Date last seen Date acquired Koha item type Withdrawn status Lost status
RHEMA Bible Training College 2010-04-14 BS 2430 .R42832General Stacks1 2018-03-162010-04-14Books  
RHEMA Bible Training College 2010-04-14 BS 2430 .R415539General Stacks2 2018-03-162010-04-14Books